000 00298nam a22001337a 4500
008 170308b xxu||||| |||| 00| 0 eng d
020 _a9780673990747
041 _aeng
080 _27 ED
_a611
100 _a6
101 _aSHM
245 _aHUMAN ANATOMY PRINCIPLES
_cTORTORA.G.J
942 _2udc
_cBK
999 _c7212
_d7212